000 00766nam a22002177a 4500
999 _c12795
_d12795
003 AR-CdUCM
008 190410b ||||| |||| 00| 0 spa d
040 _aMUNICIPALIDAD PROVINCIAL DEL CUSCO
_cBIBLIOTECA MUNICIPAL DEL CUSCO
082 _a353.3 /
_bC79
100 _aCornejo Chávez, Héctor
_99311
245 _aDerecho y revolución /
260 _aLima :
_bEl Peruano,
_c1971.
300 _a29, paginas ;
_c21 cm.
505 _aContenido : Derecho y revolución -- Derecho, evolución y revolución -- El derecho de la encrucijada -- Revolución y reforma del poder judicial...
650 _aDerecho
_9739
650 _aEvolución
_97012
650 _aRevolución
_9844
650 _aJusticia
_97448
942 _2ddc
_cLIBROS
945 _awnts
_d2019-04-10